000 00808cam a2200289 a 4500
999 _c9732
_d9732
001 9732
003 BD-JhCC
005 20180324102555.0
008 180324s1987 nyua 001 0 eng
020 _a0827326556
020 _a0827326564 (instructor's guide)
020 _z0827326572 (lab manual)
035 _a(BD-JhCC)9732
040 _aDLC
_cDLC
_dDLC
_dBD-JhCC
041 _aeng
050 0 0 _aT45
_b.H33 1987
082 0 0 _a600
_219
_bHAC 1987
100 1 _aHacker, Michael.
245 1 0 _aTechnology in your world /
_cMichael Hacker, Robert A. Barden.
260 _aAlbany, N.Y. :
_bDelmar Publishers,
_cc1987.
300 _axv, 427 p. :
_bill. (some col.) ;
_c26 cm.
500 _aIncludes index.
650 0 _aTechnology.
700 1 _aBarden, Robert A.
942 _2ddc
_cBK